Mr. Morale & the Big Steppers - Kendrick Lamar - Statistics

General Stats
  • This quiz has been taken 29 times
  • The average score is 16 of 19
Answer Stats
Songs Plays Artists % Correct
N95 563,828,486 Kendrick Lamar
100%
Count Me Out 359,063,777 Kendrick Lamar
95%
Father Time 236,931,609 Kendrick Lamar, Sampha
95%
Die Hard 446,209,583 Kendrick Lamar, Blxst, Amanda Reifer
90%
Rich Spirit 363,260,423 Kendrick Lamar
90%
Savior 138,626,279 Kendrick Lamar, Baby Keem, Sam Dew
90%
Silent Hill 195,133,057 Kendrick Lamar, Kodak Black
90%
United In Grief 368,992,871 Kendrick Lamar
90%
Crown 64,949,575 Kendrick Lamar
85%
Mother I Sober 54,226,518 Kendrick Lamar, Beth Gibbons
85%
Mr. Morale 97,761,327 Kendrick Lamar, Tanna Leone
85%
Rich - Interlude 58,288,918 Kendrick Lamar
85%
Savior - Interlude 55,965,333 Kendrick Lamar
85%
We Cry Together 109,035,593 Kendrick Lamar, Taylour Paige
85%
Purple Hearts 118,805,876 Kendrick Lamar, Summer Walker, Ghostface Killah
80%
The Heart Part 5 115,288,956 Kendrick Lamar
80%
Auntie Diaries 56,173,911 Kendrick Lamar
75%
Mirror 95,629,393 Kendrick Lamar
75%
Worldwide Steppers 89,712,057 Kendrick Lamar
75%
No matching quizzes found
Score Distribution
Percent of People with Each Score
Percentile by Number Answered
Your Score History
You have not taken this quiz